Statistiques concernant Culture Générale - Série 523

Cliquez ici pour prendre le quiz!

Statistiques générales

  • Ce quiz a été pris 132 fois
  • Le résultat moyen est 5 sur 10

Statistiques - réponses

QuestionRéponse% Correct
A son dernier repas, de combien d'apôtres Jésus-Christ était-il entouré ?12
97%
Selon le proverbe, en quoi est-on malheureux si on est "heureux au jeu" ?En amour
97%
De quel président de la République Jacques Chaban-Delmas a-t-il été le Premier ministre ?Georges Pompidou
84%
Qui chante le titre "Les Murs de poussière" en 1977 ?Francis Cabrel
40%
En 2007, quel candidat à l'élection présidentielle a eu pour slogan : "Nos vies valent plus que leurs profits" ?Olivier Besancenot
39%
Qui interprète Babe, le coureur du film "Marathon Man" ?Dustin Hoffman
38%
Qui chante "A quoi ça sert l'amour" en duo avec Théo Sarapo en 1962 ?Edith Piaf
33%
Quel humoriste a écrit une "Lettre à Véronique" dans un de ses sketchs ?Franck Dubosc
22%
Qui interprète la chanson "Les Petits Ewoks" en 1984 ?Dorothée
19%
Quel est le prénom du personnage de "West Side Story" qui chante qu'il a rencontré "Maria" ?Tony
14%

Distribution des résultats

Percentile par nombre de réponses

% des personnes avec chaque résultat

Votre développement - résultats

Vous n’avez pas pris ce quiz